Historia de España
Պահպանված է:
| Հիմնական հեղինակ: | |
|---|---|
| Ձևաչափ: | Գիրք |
| Լեզու: | իսպաներեն |
| Հրապարակվել է: |
Barcelona, España
Ramón Sopena
1942
|
| Շարք: | Biblioteca Hispania
|
| Խորագրեր: | |
| Ցուցիչներ: |
Ավելացրեք ցուցիչ
Չկան պիտակներ, Եղեք առաջինը, ով նշում է այս գրառումը!
|
MARC
| LEADER | 00000nam a2200000 a 4500 | ||
|---|---|---|---|
| 001 | UCI1716 | ||
| 003 | CL-VaPUC | ||
| 005 | 20220722091546.0 | ||
| 008 | 070713e19420000SP |||||||||||||||||spa|d | ||
| 999 | |c 326473 |d 326471 | ||
| 040 | |c Pontificia Universidad Católica de Valparaíso | ||
| 082 | 0 | 4 | |a 946 BLA 1942 |2 21 |
| 100 | |a Blánquez Fraile, Agustín |e autor |9 318621 | ||
| 245 | 1 | 0 | |a Historia de España |
| 260 | |a Barcelona, España |b Ramón Sopena |c 1942 | ||
| 300 | |a 833 páginas | ||
| 490 | 0 | |a Biblioteca Hispania | |
| 583 | |a last modification |c 20070713 00:00:00 |k Rodrigo Vera | ||
| 650 | 0 | |a Historia de España |9 315435 | |
| 650 | 0 | |a Edad media |9 258041 | |
| 942 | |c BK |2 ddc | ||
| 945 | |d 20070713 00:00:00 |a jtorresc | ||
| 952 | |0 0 |1 0 |2 ddc |4 0 |6 946_000000000000000_BLA_1942 |7 0 |8 X |9 408372 |a BIBHIS |b BIBHIS |d 2019-11-22 |i 4218043 |o 946 BLA 1942 |p 4218043 |r 2024-01-30 |t 1 |w 2019-11-22 |y BK_X |k HIS | ||